Gründer von Weltkonzernen - Statistiken

Allgemein
  • Dieses Quiz wurde 72 mal gespielt
  • Das Durchschnittsergebnis liegt bei 5 aus 20
Antwortstatistiken
Konzern Gründer % Korrekt
Tesla Musk
94%
Amazon Bezos
86%
Mercedes-Benz Daimler und Benz
81%
Apple Jobs
78%
Adidas Dassler
75%
Disney Disney
71%
Alphabet Page und Brin
17%
Walmart Walton
16%
Alibaba Ma
11%
Nestlé Nestlé
6%
Microsoft Gates und Allen
5%
Shell Samuel
2%
Samsung Byung-chull
0%
Coca-Cola Candler
0%
Visa Hock
0%
Toyota Kiichirō
0%
Nike Knight und Bowerman
0%
BMW Rapp und Otto
0%
Gazprom Tschernomyrdin
0%
Mitsubishi Motors Yatarō
0%
Keine übereinstimmenden Quizze gefunden
Verteilung der Resultate
Anzahl Personen mit jedem Resultat
Perzentil nach korrekt beantworteten Fragen
Ihre Resultats-Entwicklung
Sie haben dieses Quiz noch nicht gespielt